000
00227nam a2200097Ia 4500
008
230915s9999 xx 000 0 und d
050
_a
T11.M37.C.1
100
_a
MIKE MARKEL
245
0
_a
TECHNICAL COMMUNICATION
942
_c
BK
999
_c
206192
_d
206192